[Event "Faxe Dags EMT 2015"]
[Site "Faxe"]
[Date "2015.04.29"]
[Round "4"]
[White "Stuhr, Peter Sebastian"]
[Black "Christoffersen, Per"]
[Result "1-0"]
[WhiteElo "1884"]
[BlackElo "1609"]
[PlyCount "55"]
[EventDate "2015.??.??"]

1. e4 e6 2. Nc3 d5 3. f4 dxe4 4. Nxe4 Nf6 5. Nf2 Bc5 6. Qf3 Nc6 7. c3 O-O 8. d4
Be7 9. Nd3 a6 10. Ne5 Nxe5 11. fxe5 Nd5 12. Bd3 g6 13. Nh3 f6 14. Bh6 Rf7 15.
O-O f5 16. Rae1 Rb8 17. Be4 c6 18. g4 Qe8 19. gxf5 Bf8 20. Bxf8 Qxf8 21. Qg2
exf5 22. Bxd5 cxd5 23. Qxd5 Kh8 24. e6 Rg7 25. Qe5 Ra8 26. e7 Qe8 27. Nf4 Bd7
28. Nd5 1-0

[Event "Faxe Dags EMT 2015"]
[Site "Faxe"]
[Date "2015.04.29"]
[Round "4"]
[White "Sorensen, Lindved"]
[Black "Lindskov, Villy"]
[Result "1-0"]
[WhiteElo "1623"]
[BlackElo "1839"]
[PlyCount "31"]
[EventDate "2015.??.??"]

1. Nf3 b6 2. g3 Bb7 3. Bg2 Nf6 4. O-O d5 5. c4 e6 6. b3 Be7 7. Bb2 Nbd7 8. d3
O-O 9. Nbd2 c5 10. Ne5 Nxe5 11. Bxe5 Nd7 12. f4 f6 13. Bb2 Qc7 14. e3 Rad8 15.
Qg4 f5 16. Qxg7# 1-0

[Event "Faxe Dags EMT 2015"]
[Site "Faxe"]
[Date "2015.04.29"]
[Round "4"]
[White "Krogh, Peter Ove"]
[Black "Mathiasen, Gunnar"]
[Result "1-0"]
[WhiteElo "1802"]
[BlackElo "1340"]
[PlyCount "85"]
[EventDate "2015.??.??"]

1. c4 e5 2. Nc3 Nf6 3. Nf3 Nc6 4. g3 d5 5. cxd5 Nxd5 6. Bg2 Nxc3 7. bxc3 Bd6 8.
O-O O-O 9. Rb1 Rb8 10. d3 Kh8 11. Nd2 Bd7 12. Nc4 b6 13. Nxd6 cxd6 14. Ba3 Be8
15. Qd2 Qc7 16. Rbc1 f5 17. f4 Rf6 18. e4 Bg6 19. exf5 Rxf5 20. Be4 Rf6 21. f5
Bf7 22. Qg2 Ne7 23. g4 Bg8 24. g5 Rff8 25. c4 Qd7 26. f6 Nc8 27. fxg7+ Qxg7 28.
Rxf8 Qxf8 29. Rf1 Qe7 30. Rf6 b5 31. cxb5 Rxb5 32. Qc2 Be6 33. Bf5 Bd7 34. Bxd7
Qxd7 35. Rf8+ Kg7 36. Qxc8 Rb1+ 37. Kf2 Qe7 38. Rf5 Rd1 39. Rf3 Rd2+ 40. Ke1
Rxh2 41. Qc6 Rh1+ 42. Rf1 Qf7 43. Rxh1 1-0

[Event "Faxe Dags EMT 2015"]
[Site "Faxe"]
[Date "2015.04.29"]
[Round "4"]
[White "Stuhr, Finn"]
[Black "Wehlast, Svend Erik"]
[Result "1/2-1/2"]
[WhiteElo "1765"]
[BlackElo "1388"]
[PlyCount "190"]
[EventDate "2015.??.??"]

1. e4 c6 2. d4 d5 3. e5 Bf5 4. Bd3 Bxd3 5. Qxd3 e6 6. f4 Nh6 7. Nf3 Be7 8. Be3
Nd7 9. Nbd2 c5 10. c3 c4 11. Qc2 b5 12. Nf1 Nf5 13. Bf2 g5 14. g4 Nh4 15. Nxh4
gxh4 16. f5 Bg5 17. Be3 Nf8 18. h3 a5 19. a3 a4 20. Qd2 h6 21. f6 Ng6 22. Nh2
Bxe3 23. Qxe3 Qd7 24. Nf3 O-O-O 25. Rh2 Kb7 26. Kd1 Rdg8 27. Qe1 h5 28. g5 Nf4
29. Qxh4 Nd3 30. Qg3 h4 31. Nxh4 Rh5 32. Nf3 Qe8 33. Rb1 Kc6 34. h4 Rgh8 35.
Kc2 Qg8 36. Rg1 Qg6 37. Kd2 Nxb2 38. Ne1 Qe4 39. Rgh1 Qg6 40. Kc1 Nd3+ 41. Nxd3
cxd3 42. Kd2 Qe4 43. Qxd3 Qg4 44. Qe2 Qf4+ 45. Qe3 Qf5 46. Rh3 Qg6 47. Qf2 Qg8
48. Qe2 Qf8 49. Rb1 Qb8 50. Qg4 Qg8 51. Qe2 Qb8 52. Qg2 Rxh4 53. Rxh4 Rxh4 54.
g6 fxg6 55. Qxg6 Rf4 56. f7 Qc8 57. Qg8 Kd7 58. Qxc8+ Kxc8 59. Rxb5 Rxf7 60.
Rb6 Rf2+ 61. Kc1 Rf3 62. Rc6+ Kd7 63. Rc5 Rf1+ 64. Kc2 Rf2+ 65. Kd1 Rf1+ 66.
Kd2 Rf2+ 67. Kd3 Ra2 68. c4 Rxa3+ 69. Kc2 dxc4 70. Rxc4 Rh3 71. Rxa4 Kc6 72.
Ra5 Rg3 73. Rc5+ Kd7 74. Rc3 Rg2+ 75. Kb3 Rg1 76. Kc4 Ra1 77. Kc5 Rd1 78. Rc4
Rd2 79. Ra4 Rc2+ 80. Kb5 Rb2+ 81. Rb4 Rd2 82. Kb6 Rc2 83. Ka7 Ra2+ 84. Kb7 Rc2
85. Rb6 Rc7+ 86. Kb8 Rc8+ 87. Ka7 Rc1 88. Rb7+ Kc6 89. Rb6+ Kd5 90. Rd6+ Ke4
91. Kb6 Rc4 92. Rxe6 Kxd4 93. Re8 Kd5 94. Kb5 Rc5+ 95. Kb6 Rc6+ 1/2-1/2

[Event "Faxe Dags EMT 2015"]
[Site "Faxe"]
[Date "2015.04.29"]
[Round "4"]
[White "Hansen, Borge"]
[Black "Nielsen, Flemming"]
[Result "0-1"]
[WhiteElo "1430"]
[BlackElo "1650"]
[PlyCount "82"]
[EventDate "2015.??.??"]

1. d4 f5 2. c4 Nf6 3. Bg5 e6 4. Nc3 Bb4 5. a3 Bxc3+ 6. bxc3 O-O 7. e3 d5 8. Nf3
c6 9. Be2 Qa5 10. Qb3 Ne4 11. Be7 Re8 12. Bb4 Qc7 13. a4 Nd7 14. O-O Ndf6 15.
Qc2 a5 16. Ba3 b6 17. Ne5 c5 18. f3 Ng5 19. Qb3 Ba6 20. Rac1 Rac8 21. Rc2 Nf7
22. Nxf7 Qxf7 23. Qxb6 Bxc4 24. Bxc4 dxc4 25. Qxa5 Nd5 26. Re1 cxd4 27. exd4
Ra8 28. Qb5 Rec8 29. Bc5 f4 30. a5 Qg6 31. Re4 Ne3 32. Ra2 Rcb8 33. Bb6 Nd5 34.
Qxc4 Rc8 35. Bc5 Rcb8 36. Qd3 Rb3 37. Rc2 Rb1+ 38. Kf2 Ne3 39. g4 Qh6 40. Rxf4
Qxf4 41. Ra2 Nxg4+ 0-1

[Event "Faxe Dags EMT 2015"]
[Site "Faxe"]
[Date "2015.04.29"]
[Round "4"]
[White "Hansen, Aage"]
[Black "Meldal, Peter"]
[Result "1-0"]
[WhiteElo "1686"]
[BlackElo "1078"]
[PlyCount "45"]
[EventDate "2015.??.??"]

1. e4 e5 2. f4 exf4 3. Nf3 Be7 4. h4 d6 5. d4 Bg4 6. Bxf4 Bxf3 7. Qxf3 Bxh4+ 8.
g3 Be7 9. Bc4 Nf6 10. Nc3 Nc6 11. O-O-O Na5 12. Bd3 Nc6 13. Bb5 O-O 14. e5 Ne8
15. Qh5 h6 16. Bxh6 g6 17. Qg4 Ng7 18. Ne4 Qc8 19. Qxc8 Raxc8 20. Nf6+ Bxf6 21.
exf6 Ne6 22. d5 Ned4 23. Bg7 1-0

[Event "Faxe Dags EMT 2015"]
[Site "Faxe"]
[Date "2015.04.29"]
[Round "4"]
[White "Christoffersen, Ib"]
[Black "Refsgaard, Kaj"]
[Result "0-1"]
[WhiteElo "1363"]
[BlackElo "1754"]
[PlyCount "68"]
[EventDate "2015.??.??"]

1. d4 d5 2. Nf3 g6 3. Bf4 Nf6 4. Be5 Bg7 5. e3 O-O 6. Bd3 Nbd7 7. Nc3 c6 8. h3
Nxe5 9. Nxe5 Qc7 10. Nf3 b5 11. a3 Nd7 12. b4 e5 13. Be2 e4 14. Nh2 a5 15. O-O
axb4 16. axb4 Rxa1 17. Qxa1 f5 18. f4 exf3 19. Nxf3 Bh6 20. Nd1 Re8 21. Qc3 Nf6
22. Bxb5 Bd7 23. Ne5 Ne4 24. Qd3 cxb5 25. Nxd7 Qxd7 26. c3 Nd6 27. Rf3 Nc4 28.
Rg3 Qe7 29. Kf2 Qh4 30. Qxf5 Rf8 31. Qxf8+ Kxf8 32. Kf3 Nxe3 33. Nxe3 Bxe3 34.
Rg4 Qf2# 0-1

[Event "Faxe Dags EMT 2015"]
[Site "Faxe"]
[Date "2015.04.29"]
[Round "4"]
[White "Eriksen, Knud Ejler"]
[Black "Eckert, Svend"]
[Result "0-1"]
[WhiteElo "1184"]
[BlackElo "1506"]
[PlyCount "150"]
[EventDate "2015.??.??"]

1. e4 d6 2. Nf3 f5 3. d3 e5 4. Nc3 f4 5. g3 fxg3 6. hxg3 Bg4 7. Be2 Be7 8. Be3
Nf6 9. Qd2 Nc6 10. O-O-O Qd7 11. Kb1 O-O-O 12. Ng5 Rdf8 13. f3 Bh5 14. g4 Bf7
15. Nxf7 Rxf7 16. g5 Ne8 17. Rhg1 g6 18. f4 Kb8 19. Bg4 Qd8 20. Be6 Rg7 21. Nd5
exf4 22. Bxf4 Ne5 23. Rdf1 c6 24. Nxe7 Rxe7 25. Bh3 Ng7 26. Qb4 Nh5 27. Bh2 c5
28. Qb3 Rf8 29. Rxf8 Qxf8 30. Rf1 Rf7 31. Rxf7 Qxf7 32. Qxf7 Nxf7 33. Be6 Nxg5
34. Bxd6+ Ka8 35. Bd5 Nf6 36. Bc4 h5 37. e5 Ne8 38. Bd5 Nxd6 39. exd6 Kb8 40.
c3 b6 41. Bc6 h4 42. Kc2 h3 43. Kd2 h2 44. Ke2 Nf7 45. d7 Kc7 46. d8=Q+ Nxd8
47. Bh1 Ne6 48. Kf2 Nf4 49. Ke3 g5 50. d4 cxd4+ 51. cxd4 Kd6 52. Kf2 Nd3+ 53.
Kg3 Nxb2 54. Kxh2 Nd1 55. Kg3 Nc3 56. a3 Ne2+ 57. Kg4 Nxd4 58. Kxg5 Kc5 59. Kf4
Nc2 60. a4 Kb4 61. Bc6 Nd4 62. Bd7 Nb3 63. Ke3 Nc5 64. Kd2 Nxa4 65. Kc2 Nc5 66.
Be8 a5 67. Kb2 a4 68. Ka2 a3 69. Bc6 Na4 70. Bd7 b5 71. Be6 Nc3+ 72. Ka1 Ka4
73. Bd7 Ka5 74. Bc6 b4 75. Bd7 b3 0-1

[Event "Faxe Dags EMT 2015"]
[Site "Faxe"]
[Date "2015.04.29"]
[Round "4"]
[White "Andersen, Hans Poul"]
[Black "Nielsen, Ib"]
[Result "1-0"]
[WhiteElo "1330"]
[BlackElo "1395"]
[PlyCount "101"]
[EventDate "2015.??.??"]

1. e4 e5 2. Bc4 Nf6 3. Nc3 Nc6 4. Nf3 d6 5. h3 Be7 6. d3 Nd4 7. a3 c6 8. O-O h6
9. Nxd4 exd4 10. Ne2 c5 11. Bd2 O-O 12. Nf4 a6 13. c3 dxc3 14. Bxc3 Nh7 15. Ng6
Bf6 16. Nxf8 Nxf8 17. Qf3 Nh7 18. e5 Ng5 19. Qe3 Be7 20. f4 Ne6 21. Qf3 Nc7 22.
exd6 Qxd6 23. Qg3 Bf6 24. Bxf6 Qxf6 25. Rae1 b5 26. Ba2 Qxb2 27. Bxf7+ Kxf7 28.
f5 Qf6 29. Qxc7+ Kg8 30. Re8+ Kh7 31. Rxc8 Qd4+ 32. Kh1 Rxc8 33. Qxc8 Qxd3 34.
Rf3 Qd1+ 35. Kh2 Qd6+ 36. Rg3 h5 37. h4 Qf6 38. Kh3 Qd4 39. Qc6 Qa1 40. Qg6+
Kg8 41. Qe8+ Kh7 42. Qxh5+ Kg8 43. Qe8+ Kh7 44. Kh2 Qd4 45. Qe3 Qd6 46. Qe4 Qf6
47. Rg6 Qf8 48. Re6 Qb8+ 49. Kh3 Qf8 50. f6+ g6 51. Re7+ 1-0

[Event "Faxe Dags EMT 2015"]
[Site "Faxe"]
[Date "2015.04.29"]
[Round "4"]
[White "Andersen, Hans E"]
[Black "Nielsen, Henning Sogaard"]
[Result "1-0"]
[WhiteElo "1500"]
[BlackElo "1172"]
[PlyCount "105"]
[EventDate "2015.??.??"]

1. e4 e5 2. Nf3 Nc6 3. Bc4 Nh6 4. d3 g6 5. Nc3 Ne7 6. Bg5 c6 7. Bf6 Rg8 8. Nxe5
Qc7 9. Qf3 d6 10. Bg7 dxe5 11. Bxh6 Be6 12. Bxe6 fxe6 13. Be3 Bg7 14. Qh3 Qd6
15. Qxh7 O-O-O 16. Qh3 Rh8 17. Qg3 Bf6 18. Bxa7 Rh4 19. Qf3 Bg7 20. Qe3 Rdh8
21. Bc5 Qc7 22. Bb6 Qd6 23. a3 Bh6 24. Qc5 Qxc5 25. Bxc5 Bg5 26. Na4 Kc7 27.
Bb6+ Kb8 28. Nc5 Rg8 29. Nxe6 Nc8 30. Bc7+ Ka7 31. Nxg5 Re8 32. Nf3 Rh5 33. g4
Rh3 34. Nxe5 Rh4 35. f3 g5 36. Nc4 b5 37. Nd6 Reh8 38. Nxc8+ Rxc8 39. Bg3 Rh3
40. Kd2 Kb6 41. a4 b4 42. b3 c5 43. c3 Rhh8 44. h4 Rcf8 45. Raf1 Rd8 46. hxg5
Rhg8 47. Rh6+ Kb7 48. cxb4 cxb4 49. Bd6 Rg7 50. f4 Rgd7 51. e5 Rc8 52. Bxb4
Rcd8 53. Rd6 1-0

[Event "Faxe Dags EMT 2015"]
[Site "Faxe"]
[Date "2015.04.29"]
[Round "4"]
[White "Alic, Ohran"]
[Black "Adrian, Michael"]
[Result "1-0"]
[WhiteElo "1582"]
[BlackElo "1458"]
[PlyCount "101"]
[EventDate "2015.??.??"]

1. Nf3 d5 2. d4 f5 3. g3 Nf6 4. Bg5 e6 5. Bg2 Bd6 6. Ne5 O-O 7. O-O Nbd7 8.
Nxd7 Bxd7 9. Nd2 h6 10. Bxf6 Qxf6 11. e3 g5 12. c4 c6 13. f4 g4 14. h4 h5 15.
Qb3 b6 16. Qc3 Rfc8 17. b4 c5 18. cxd5 cxb4 19. Qb2 Bb5 20. Rfc1 Rxc1+ 21. Rxc1
Re8 22. Kf2 a5 23. dxe6 Qxe6 24. Qb3 Qxb3 25. axb3 a4 26. bxa4 Bxa4 27. Bc6
Bxc6 28. Rxc6 Rd8 29. Rxb6 Kf7 30. Nc4 Be7 31. Ne5+ Ke8 32. Nd3 Kf7 33. Nxb4
Bxb4 34. Rxb4 Ra8 35. Rb7+ Kg6 36. Rb6+ Kg7 37. Re6 Ra2+ 38. Kf1 Ra1+ 39. Ke2
Ra2+ 40. Kd3 Rg2 41. d5 Rxg3 42. d6 Rg1 43. Ke2 Kf7 44. Re5 Rh1 45. d7 Rh2+ 46.
Kd3 Rh1 47. Rxf5+ Ke6 48. Rxh5 Kxd7 49. Kd4 g3 50. Rg5 g2 51. Rxg2 1-0

[Event "Faxe Dags EMT 2015"]
[Site "Faxe"]
[Date "2015.04.29"]
[Round "4"]
[White "Jakobsen, Henning"]
[Black "Larsen, Poul Erik"]
[Result "0-1"]
[WhiteElo "1393"]
[BlackElo "1251"]
[PlyCount "122"]
[EventDate "2015.??.??"]

1. d4 Nf6 2. c4 e6 3. Nc3 Be7 4. Nf3 c6 5. e4 Bb4 6. Qc2 d5 7. Bd3 dxc4 8. Bxc4
Nbd7 9. O-O Nb6 10. Bb3 a5 11. Be3 Bxc3 12. bxc3 a4 13. d5 axb3 14. Qxb3 Ra6
15. dxc6 bxc6 16. Rfd1 Qc7 17. Nd2 Ng4 18. g3 Nxe3 19. fxe3 O-O 20. Nf3 c5 21.
Rd2 Bb7 22. Qb5 Rfa8 23. Qd3 f5 24. Ng5 fxe4 25. Qd6 Qxd6 26. Rxd6 Nc4 27. Rxe6
Nxe3 28. Re5 h6 29. Nxe4 Bxe4 30. Rxe4 Nd5 31. c4 Ra4 32. Re5 Nb6 33. Rxc5 Rxc4
34. Rc1 Rxc1+ 35. Rxc1 Rxa2 36. Rc6 Nd5 37. Re6 Kf7 38. Re5 Nf6 39. Rf5 Ke6 40.
Rf4 g5 41. Rb4 Nd5 42. Rb5 h5 43. Rb8 Kf5 44. Rh8 Nf6 45. Rb8 Ra5 46. Rb1 Ne4
47. Rf1+ Kg4 48. Kg2 Ra2+ 49. Kg1 Nd2 50. Rf2 Nf3+ 51. Kg2 Rxf2+ 52. Kxf2 Nxh2
53. Kg2 Nf3 54. Kf2 h4 55. gxh4 Nxh4 56. Kg1 Kf3 57. Kh2 g4 58. Kg1 g3 59. Kh1
Nf5 60. Kg1 g2 61. Kh2 Kf2 0-1

[Event "Faxe Dags EMT 2015"]
[Site "Faxe"]
[Date "2015.05.06"]
[Round "5"]
[White "Petersen, Bent"]
[Black "Arnkilde, Anders"]
[Result "0-1"]
[WhiteElo "1784"]
[BlackElo "1996"]
[PlyCount "88"]
[EventDate "2015.??.??"]

1. d4 d5 2. Nf3 Nf6 3. c4 e6 4. Nc3 Be7 5. e3 O-O 6. Be2 b6 7. O-O Bb7 8. b3
Nbd7 9. Bb2 a6 10. Qc2 dxc4 11. bxc4 c5 12. Rad1 Qc7 13. d5 exd5 14. cxd5 Bd6
15. e4 Rfe8 16. h3 b5 17. Nd2 c4 18. a3 Nc5 19. f3 Qb6 20. Kh1 Nh5 21. g4 Ng3+
22. Kg2 Nxf1 23. Rxf1 Bf4 24. Nd1 Qh6 25. Bd4 Bxd2 26. Bxc5 Bxd5 27. Nc3 Bxc3
28. Qxc3 Qc6 29. Bd4 f6 30. g5 f5 31. Bxg7 Qg6 32. Bh6 fxe4 33. f4 e3+ 34. Kg1
Ra7 35. Qd4 Qe4 36. Qxe4 Bxe4 37. f5 c3 38. f6 c2 39. a4 Rc7 40. Rc1 bxa4 41.
h4 Rb8 42. Bg4 Rb1 43. Be6+ Kh8 44. g6 Rxc1+ 0-1

[Event "Faxe Dags EMT 2015"]
[Site "Faxe"]
[Date "2015.05.06"]
[Round "5"]
[White "Pedersen, Hans Dahl"]
[Black "Nielsen, Jan Mose"]
[Result "1-0"]
[WhiteElo "2117"]
[BlackElo "2065"]
[PlyCount "75"]
[EventDate "2015.??.??"]

1. c4 e5 2. g3 Nf6 3. Bg2 d5 4. cxd5 Nxd5 5. Nf3 Nc6 6. O-O Nb6 7. d3 Be7 8. a3
a5 9. Nc3 O-O 10. Be3 Ra6 11. Rc1 Be6 12. Ne4 Nd5 13. Bc5 Bd6 14. Nfg5 Bc8 15.
Nxf7 Rxf7 16. Nxd6 cxd6 17. Bxd5 dxc5 18. Rxc5 Qd6 19. Bxf7+ Kxf7 20. Qb3+ Kf6
21. Rd5 Qe7 22. f4 Be6 23. fxe5+ Kg6 24. d4 Bxd5 25. Qxd5 h5 26. Qe4+ Kh6 27.
Rf5 g6 28. Rf6 Nxe5 29. Rxa6 bxa6 30. Qxe5 Qb7 31. d5 Qb6+ 32. Kg2 Qb3 33. Qh8+
Kg5 34. h4+ Kf5 35. Qd4 g5 36. hxg5 Kxg5 37. Qd2+ Kg4 38. Qf4# 1-0

[Event "Faxe Dags EMT 2015"]
[Site "Faxe"]
[Date "2015.05.06"]
[Round "5"]
[White "Krogh, Peter Ove"]
[Black "Andersen, Bjarne Hjorth"]
[Result "0-1"]
[WhiteElo "1802"]
[BlackElo "1971"]
[PlyCount "116"]
[EventDate "2015.??.??"]

1. c4 Nf6 2. Nc3 d5 3. e3 g6 4. b3 Bg7 5. Bb2 O-O 6. Nf3 c6 7. Be2 Nbd7 8. d4
Ne4 9. Nxe4 dxe4 10. Nd2 f5 11. h4 h5 12. f3 Nf6 13. Qc2 Qd6 14. O-O-O a5 15.
fxe4 fxe4 16. Nxe4 Nxe4 17. Qxe4 Bf5 18. Qf4 Qb4 19. e4 Kh7 20. exf5 Bh6 21.
fxg6+ Kg7 22. d5+ Rf6 23. Rhf1 Bxf4+ 24. Rxf4 Qc5 25. Bd4 Qa3+ 26. Kb1 Kxg6 27.
Bxf6 exf6 28. d6 Rd8 29. Rfd4 a4 30. Bd3+ Kg7 31. Bc2 Qb4 32. d7 a3 33. R4d3
Qe7 34. Rg3+ Kf8 35. Rgd3 Qe5 36. Kc1 Qb2+ 37. Kd2 Qxa2 38. Rb1 Ke7 39. Kc3
Rxd7 40. Rxd7+ Kxd7 41. c5 Kc7 42. g3 b6 43. cxb6+ Kxb6 44. Kd2 Kc7 45. Kc3 c5
46. Kd3 Kd6 47. Kc3 f5 48. Kd3 Kd5 49. Kc3 c4 50. b4 Kc6 51. Kd2 c3+ 52. Kxc3
Qd5 53. Bb3 Qf3+ 54. Kc2 Qxg3 55. Ra1 Qf2+ 56. Kd3 Qf3+ 57. Kc2 Qe4+ 58. Kc3
Qe5+ 0-1

[Event "Faxe Dags EMT 2015"]
[Site "Faxe"]
[Date "2015.05.06"]
[Round "5"]
[White "Sorensen, Lindved"]
[Black "Stuhr, Peter Sebastian"]
[Result "1-0"]
[WhiteElo "1623"]
[BlackElo "1884"]
[PlyCount "119"]
[EventDate "2015.??.??"]

1. Nf3 e6 2. c4 Nc6 3. b3 f5 4. Bb2 Nf6 5. g3 a6 6. Bg2 Bc5 7. O-O Ba7 8. d4 d6
9. Nc3 O-O 10. d5 Ne7 11. dxe6 Bxe6 12. Ng5 Bc8 13. Bd5+ Nfxd5 14. Nxd5 c6 15.
Nf4 Ng6 16. Nge6 Bxe6 17. Nxe6 Qd7 18. Nxf8 Rxf8 19. e3 Bb8 20. Qd3 f4 21. exf4
Qg4 22. Kh1 Rf5 23. Qd4 Ne5 24. fxe5 Qf3+ 25. Kg1 dxe5 26. Qd8+ Rf8 27. Qd7 Ba7
28. Qd2 e4 29. Rae1 h5 30. Qe2 Qf5 31. Qxe4 Bxf2+ 32. Kg2 Qc5 33. Bd4 Qxd4 34.
Qxd4 Bxd4 35. Rxf8+ Kxf8 36. Kf3 b5 37. Re6 c5 38. Rxa6 b4 39. Ke4 Kf7 40. Kf5
Bf6 41. a4 bxa3 42. Rxa3 g6+ 43. Ke4 Be7 44. Kd5 Kf6 45. Ra6+ Kf5 46. Rc6 g5
47. Rxc5 Bxc5 48. Kxc5 Kg4 49. Kd6 Kh3 50. c5 Kxh2 51. c6 Kxg3 52. c7 h4 53.
c8=Q h3 54. Qc3+ Kg4 55. Qd4+ Kf3 56. Qf6+ Kg4 57. Qf2 Kh5 58. Qg3 g4 59. Ke5
Kg5 60. b4 1-0

[Event "Faxe Dags EMT 2015"]
[Site "Faxe"]
[Date "2015.05.20"]
[Round "5"]
[White "Nielsen, Flemming"]
[Black "Stuhr, Finn"]
[Result "1-0"]
[WhiteElo "1650"]
[BlackElo "1765"]
[PlyCount "49"]
[EventDate "2015.??.??"]

1. e4 e5 2. Nf3 Nc6 3. Bb5 a6 4. Ba4 b5 5. Bb3 Nf6 6. O-O Bc5 7. c3 d6 8. d4
exd4 9. cxd4 Ba7 10. Bg5 h6 11. Bh4 g5 12. Bg3 Bg4 13. Qc2 Nxd4 14. Nxd4 Bxd4
15. Qc6+ Bd7 16. Qc2 c5 17. a4 c4 18. Ba2 Qb6 19. Nc3 Rc8 20. Rfe1 O-O 21. Nd5
Nxd5 22. exd5 f5 23. Rad1 f4 24. Qg6+ Bg7 25. Re7 1-0

[Event "Faxe Dags EMT 2015"]
[Site "Faxe"]
[Date "2015.05.06"]
[Round "5"]
[White "Wehlast, Svend Erik"]
[Black "Larsen, Paul M"]
[Result "1-0"]
[WhiteElo "1388"]
[BlackElo "1165"]
[PlyCount "80"]
[EventDate "2015.??.??"]

1. d4 g6 2. Nf3 Bg7 3. Bf4 Nf6 4. h3 d6 5. e3 O-O 6. Bd3 e6 7. O-O Nh5 8. Bh2
Nc6 9. a3 Ne7 10. Nbd2 f5 11. Rb1 Nf6 12. Bg3 h6 13. b4 g5 14. Be2 Ng6 15. Ne1
Nd5 16. Rb3 a5 17. c4 a4 18. Rd3 f4 19. cxd5 fxg3 20. fxg3 e5 21. e4 exd4 22.
Rdf3 Rxf3 23. Bxf3 Ne5 24. Be2 c5 25. bxc5 dxc5 26. Nc4 Nxc4 27. Bxc4 Kh8 28.
Nd3 Qd6 29. g4 Bd7 30. Qe2 b5 31. e5 Qg6 32. Nxc5 Bxg4 33. Qxg4 bxc4 34. Qxd4
Rf8 35. Rxf8+ Bxf8 36. Qxc4 Qb1+ 37. Kh2 Qe1 38. Qe4 Qf2 39. Nd3 Qf4+ 40. Nxf4
gxf4 1-0

[Event "Faxe Dags EMT 2015"]
[Site "Faxe"]
[Date "2015.05.06"]
[Round "5"]
[White "Lindskov, Villy"]
[Black "Andersen, Hans Poul"]
[Result "1-0"]
[WhiteElo "1839"]
[BlackElo "1330"]
[PlyCount "99"]
[EventDate "2015.??.??"]

1. e4 e5 2. f4 d6 3. Nf3 exf4 4. d4 Qe7 5. Bd3 Bd7 6. Bxf4 Nc6 7. c3 h6 8. O-O
O-O-O 9. b4 a6 10. a4 Na7 11. e5 dxe5 12. Nxe5 Be6 13. Nd2 Nf6 14. Ndc4 Bxc4
15. Bxc4 Nd5 16. Bd2 Rg8 17. Rxf7 Qe6 18. Qf3 Qd6 19. Qg4+ Kb8 20. Nd7+ Ka8 21.
Bxd5 Qxd5 22. Raf1 Nc6 23. Qf5 Qxf5 24. R1xf5 Bd6 25. b5 Nb8 26. Nxb8 Kxb8 27.
Bf4 Bxf4 28. Rxf4 axb5 29. axb5 Rde8 30. Kf2 b6 31. c4 Kb7 32. d5 Rd8 33. Re4
Rgf8 34. Ree7 Rxf7+ 35. Rxf7 g5 36. Kf3 Rd6 37. Kg4 Kc8 38. Kh5 Kd8 39. Rh7 Rf6
40. Rxh6 Rf2 41. g4 Rxh2+ 42. Kxg5 Rc2 43. Kg6 Rg2 44. g5 Rg1 45. Kf6 Rf1+ 46.
Kg7 Re1 47. d6 cxd6 48. Rxd6+ Kc7 49. Rc6+ Kb7 50. g6 1-0

[Event "Faxe Dags EMT 2015"]
[Site "Faxe"]
[Date "2015.05.06"]
[Round "5"]
[White "Refsgaard, Kaj"]
[Black "Eckert, Svend"]
[Result "1-0"]
[WhiteElo "1754"]
[BlackElo "1506"]
[PlyCount "81"]
[EventDate "2015.??.??"]

1. d4 Nf6 2. Bg5 e6 3. e3 Be7 4. Bd3 h6 5. Bh4 d6 6. Nd2 Nbd7 7. Rc1 Nd5 8. Bg3
Nb4 9. Bc4 Nf6 10. Ngf3 O-O 11. O-O a5 12. a3 Nc6 13. Ba2 b5 14. Bb1 Ba6 15.
Re1 b4 16. a4 Qd7 17. c4 bxc3 18. bxc3 Rfb8 19. Qc2 Rb6 20. Ne4 g6 21. Nxf6+
Bxf6 22. Nh4 Bxh4 23. Bxh4 Rab8 24. Bf6 Ne7 25. Qe4 Nd5 26. Bh4 Bb7 27. Qg4 Kh7
28. e4 Ne7 29. Qf4 Ng8 30. Bd3 e5 31. Qf3 g5 32. Bg3 Re8 33. Bc4 f5 34. Qxf5+
Qxf5 35. exf5 e4 36. Be6 Nf6 37. h4 Rb8 38. hxg5 hxg5 39. Re3 Ng4 40. Ree1 e3
41. d5 1-0

[Event "Faxe Dags EMT 2015"]
[Site "Faxe"]
[Date "2015.05.11"]
[Round "5"]
[White "Christoffersen, Per"]
[Black "Hansen, Aage"]
[Result "0-1"]
[WhiteElo "1609"]
[BlackElo "1686"]
[PlyCount "84"]
[EventDate "2015.??.??"]

1. d4 d5 2. Nf3 c5 3. e3 Nc6 4. c3 Bf5 5. Bd3 Bg6 6. O-O e6 7. Re1 cxd4 8. exd4
Nf6 9. Bg5 Be7 10. Qc2 Rc8 11. Nbd2 O-O 12. Bxg6 hxg6 13. Qd3 Qb6 14. Rab1 Na5
15. Ne5 Qc7 16. Re3 Nc4 17. Ndxc4 dxc4 18. Qe2 Bd6 19. Bxf6 gxf6 20. Ng4 Kg7
21. Rh3 Rh8 22. Rxh8 Rxh8 23. g3 b5 24. Qf3 Be7 25. Re1 Rh5 26. Ne3 a5 27. Qe2
f5 28. Nf1 Bf6 29. Qf3 Rh3 30. Qg2 Rh5 31. Qf3 b4 32. Nd2 bxc3 33. Qxc3 f4 34.
Ne4 fxg3 35. fxg3 Be7 36. Rc1 Qb7 37. Nf2 Rd5 38. Ng4 Qb6 39. Rd1 e5 40. Nxe5
Rxe5 41. Qxc4 Bd6 42. Kg2 Qxb2+ 0-1

[Event "Faxe Dags EMT 2015"]
[Site "Faxe"]
[Date "2015.05.09"]
[Round "5"]
[White "Nielsen, Kurt Sogaard"]
[Black "Andersen, Hans E"]
[Result "0-1"]
[WhiteElo "1619"]
[BlackElo "1500"]
[PlyCount "66"]
[EventDate "2015.??.??"]

1. d4 Nf6 2. c4 d5 3. e3 Bf5 4. Nc3 Nc6 5. a3 h6 6. b4 dxc4 7. Bxc4 a6 8. Nf3
e6 9. O-O Bd6 10. Bb2 O-O 11. d5 Ne5 12. Nxe5 Bxe5 13. dxe6 fxe6 14. Qb3 Qe7
15. f3 b5 16. Be2 c5 17. e4 c4 18. Qc2 Bg6 19. Bc1 Bd4+ 20. Kh1 Nd5 21. Bd2
Bxc3 22. Bxc3 Ne3 23. Qa2 Nxf1 24. Bxf1 Rad8 25. h3 Rd7 26. a4 Rfd8 27. Be2 Qg5
28. Re1 bxa4 29. Qxc4 Bf7 30. e5 Qe3 31. Bf1 Qb6 32. Ra1 Rc7 33. Bd4 Rxd4 0-1

[Event "Faxe Dags EMT 2015"]
[Site "Faxe"]
[Date "2015.05.06"]
[Round "5"]
[White "Mathiasen, Gunnar"]
[Black "Hansen, Borge"]
[Result "1-0"]
[WhiteElo "1340"]
[BlackElo "1430"]
[PlyCount "81"]
[EventDate "2015.??.??"]

1. e4 e5 2. Nf3 Nc6 3. d4 exd4 4. Nxd4 Nf6 5. Nxc6 bxc6 6. Bd3 d6 7. O-O Be7 8.
b3 O-O 9. Bb2 Ng4 10. Qe2 Bf6 11. c3 Ne5 12. Bc2 Re8 13. Nd2 Bb7 14. Rad1 Qc8
15. f4 Ng6 16. Bd3 a5 17. Rf2 Bh4 18. g3 Bd8 19. c4 f6 20. Qh5 Qd7 21. Nf3 c5
22. Re2 Bc8 23. Re3 Qg4 24. Qd5+ Be6 25. Qxa8 Nh4 26. Rf1 Nxf3+ 27. Rexf3 Qh5
28. f5 Bd7 29. Qxa5 Bc6 30. Qe1 Bb7 31. Rf4 Kh8 32. Rh4 Qf7 33. Qe2 h6 34. Bc1
Kh7 35. Rff4 Bc8 36. Qd1 Qf8 37. Qh5 Re7 38. Qg6+ Kh8 39. Rfg4 Bd7 40. Bxh6 Be8
41. Bxg7+ 1-0

[Event "Faxe Dags EMT 2015"]
[Site "Faxe"]
[Date "2015.05.06"]
[Round "5"]
[White "Zachariassen, John"]
[Black "Alic, Ohran"]
[Result "1-0"]
[WhiteElo "1954"]
[BlackElo "1582"]
[PlyCount "103"]
[EventDate "2015.??.??"]

1. d4 d5 2. Bf4 c6 3. c3 Nf6 4. e3 Nbd7 5. Bd3 g6 6. Nd2 Nh5 7. Bg5 Qc7 8. g4
Ng7 9. Ngf3 e5 10. dxe5 Nxe5 11. Nxe5 Qxe5 12. Bh4 Be7 13. Bg3 Qe6 14. Be2 h5
15. gxh5 Nxh5 16. Bxh5 Rxh5 17. Qa4 Bd7 18. O-O-O Bd6 19. e4 Bxg3 20. hxg3 c5
21. Qb3 dxe4 22. Qxe6+ Bxe6 23. Rxh5 gxh5 24. Nxe4 Bxa2 25. Nxc5 b6 26. Ne4 Ke7
27. Re1 f5 28. Nd2+ Be6 29. Nf3 Kf6 30. Nd4 Bd5 31. b3 b5 32. Kb2 a6 33. Ka3
Rc8 34. Rc1 Kg5 35. Kb4 h4 36. gxh4+ Kxh4 37. Nxf5+ Kg5 38. Ne7 a5+ 39. Kxa5
Ra8+ 40. Kb4 Be6 41. Re1 Bf7 42. Nc6 Rc8 43. Nd4 Be8 44. Re5+ Kf4 45. Rc5 Rb8
46. f3 Kg3 47. Rg5+ Kf4 48. Rg8 Rc8 49. Rf8+ Ke5 50. f4+ Kd5 51. Nxb5 Rb8 52.
Rxe8 1-0